000 01209nam a2200253 i 4500
001 23636
003 ES-MaACL
005 20230906152917.0
007 t|
008 021211s1856 sp ||||1| spa d
080 _a338.45(460.354 Minas de Riotinto):622
100 1 _aAnciola, Antonio Luis de.
_921407
245 1 0 _aMemoria sobre las minas de Rio-Tinto presentada al Gobierno de S.M. con un atlas de diez láminas /
_cpor Antonio L. Anciola y Eloy de Cossio.
260 _aMadrid :
_b[s.n.],
_c1856 (
_fImp. de Eusebio Aguado)
300 _a2 v. :
_bplanos ;
_c23, 37 cm.
505 8 _aContiene: [1. Sin título particular] (166 p.) -- [2.] Atlas (10 h. de lám.)
530 _aDisponible también en sitio web.
650 _aMinería-
_zMinas de Riotinto.
_915059
700 1 _aCossío, Eloy de.
_941013
852 _aES-MaACL
_jB-8307(2)
_q. - Es el vol. 1: Memoria
852 _aES-MaACL
_jT-1087-F-5
_q. - Es el vol. 2: Atlas
_z.- Legado de Federico de Botella y de Hornos
852 _aES-MaACL
_jT-1292-F-8
_q. - Es el vol. 1: Memoria
_z.- Donativo Bosch
856 _uhttp://bibliotecadigitalhispanica.bne.es:80/webclient/DeliveryManager?pid=1846503&custom_att_2=simple_viewer
_zIr a la página
999 _c23636
_d23636